Business marketing management <An> Organizational Approach

Saved in:
Bibliographic Details
Main Author: Haas, Robert W.
Format: Book
Language:English
Published: Boston PWS-Kent Publ. Co. 1989
Edition:5. ed.
Subjects:
Tags: Add Tag
No Tags, Be the first to tag this record!

MARC

LEADER 00000nam a2200000 4500
001 c001032
005 20221215113419.3
020 |a 0-534-93024-7 
041 0 |a eng 
044 |a US 
245 1 0 |a Business marketing management  |b <An> Organizational Approach  |c Robert W. Haas 
250 |a 5. ed. 
264 1 |a Boston  |b PWS-Kent Publ. Co.  |c 1989 
300 |a 899 s. 
610 2 0 |a podnik 
610 2 0 |a marketing 
610 2 0 |a manažment 
610 2 0 |a spotrebitelia 
610 2 0 |a správanie 
610 2 0 |a analýza trhu 
610 2 0 |a plánovanie strategické 
610 2 0 |a výroba 
610 2 0 |a služby 
610 2 0 |a reklama 
610 2 0 |a predaj 
610 2 0 |a tvorba cien 
610 2 0 |a štúdie prípadové 
100 1 |a Haas, Robert W.